| 000 | 00503nam a2200193Ia 4500 | ||
|---|---|---|---|
| 005 | 20230327134215.0 | ||
| 008 | 131103s9999 xx 000 0 und d | ||
| 020 | _cRs.50 | ||
| 040 | _aLoreto College | ||
| 041 | _aEnglish | ||
| 082 |
_a891.443 _bGHO |
||
| 100 | _aGhosh,Tapabrata | ||
| 245 |
_aGora aar Binay _b an interpretation of Tagore's novel gora _cTapabrata Ghosh |
||
| 260 |
_aCalcutta _bAbabhas _c2002 |
||
| 300 | _a143p. | ||
| 650 | _aBengali fiction | ||
| 850 | _aLCLIB | ||
| 942 | _cBK | ||
| 999 |
_c21566 _d72045 |
||